| 000 | 01534cam a2200385 a 4500 | ||
|---|---|---|---|
| 001 | 1154511 | ||
| 003 | Nust | ||
| 005 | 20220831123340.0 | ||
| 008 | 950822r19941965enk b 000 0 eng d | ||
| 010 | _a 95194635 | ||
| 015 | _aGB95-94725 | ||
| 020 |
_a0099302241 _cRs. 420 |
||
| 035 | _a(OCoLC)32183185 | ||
| 038 | _aArshad | ||
| 040 |
_aInU _cInU _dUk _dDLC |
||
| 042 | _alccopycat | ||
| 043 | _ae-uk-en | ||
| 050 | 0 | 0 |
_aPR6063.U7 _bZ6 1994 |
| 082 | 0 | 0 |
_a823 _bBYA |
| 100 | 1 |
_aByatt, A. S. _q(Antonia Susan), _d1936- _911695 |
|
| 245 | 1 | 0 |
_aDegrees of freedom : _bthe early novels of Iris Murdoch / _cA.S. Byatt. |
| 260 |
_aLondon : _bVintage, _c1994. |
||
| 300 |
_ax, 358 p. ; _c20 cm. |
||
| 500 | _aOriginally published: London : Chatto & Windus, 1965. | ||
| 500 | _a"This edition ... has an added dossier of later essays and reviews ... up to ... 1987 [and] includes a substantial pamphlet written for the British Council"--P. [4] of cover. | ||
| 504 | _aIncludes bibliographical references (p. 345-350). | ||
| 600 | 1 | 0 |
_aMurdoch, Iris _xCriticism and interpretation. _911696 |
| 650 | 0 |
_aWomen and literature _zEngland _xHistory _y20th century. _911697 |
|
| 650 | 0 |
_aDidactic fiction, English _xHistory and criticism. _911698 |
|
| 650 | 0 |
_aLiberty in literature. _911699 |
|
| 856 | 4 | 2 |
_3Publisher description _uhttp://www.loc.gov/catdir/description/random045/95194635.html |
| 906 |
_a7 _bcbc _ccopycat _d3 _encip _f19 _gy-gencatlg |
||
| 942 |
_2ddc _cBK |
||
| 999 |
_c173191 _d173191 |
||